| 000 | 01673cam a2200181 a 4500 | ||
|---|---|---|---|
| 999 |
_c7135 _d7135 |
||
| 020 | _a0070293872 (acidfree paper) | ||
| 020 | _a9780070293878 | ||
| 050 | 0 | 0 |
_aTK5105.875.I57 _b.H65 |
| 100 | 1 | _aHofstetter, Fred T. | |
| 245 | 1 | 0 |
_aInternet literacy / _cFred T. Hofstetter ; with World Wide Web site by Pat Sine. |
| 260 |
_aBoston : _bIrwin/McGraw-Hill, _cc1998. |
||
| 300 |
_axv, 304 p. : _bill. (some col.), col. maps ; _c28 cm. |
||
| 500 | _aIncludes index | ||
| 505 | _aUnderstanding the Internet -- Definitions -- How the Internet is changing the world -- Getting on the Internet -- Getting connected -- Surfing the Net -- Communicating over the Internet -- Internet etiquette (Netiquette) -- Electronic mail -- Listserv Usenet newsgroups Communicating in real time -- Telnet Finding things on the Internet -- Searching for information -- Commonly found Internet file types -- Downloading from the Internet -- Bibliographic style for citing Internet resources -- Creating web pages -- Web page creation strategies -- Web page design -- How HTML works -- Creating your web page resume -- Putting images on web pages -- Using tables for advanced web page layout -- Making a local web site and a home page -- Publishing files on the world wide web -- Using multimedia on the Internet -- How web browsers do multimedia -- Waveform audio recording -- Planning for the future of the Internet -- Societal issues -- Emerging technology -- How to keep up -- Internet toolkit for Windows and Macintosh -- Situated case projects -- Basic Window and Macintosh tutorials. | ||
| 650 | 0 | _aInternet literacy. | |
| 700 | 1 | _aSine, Pat. | |
| 942 | _cBK | ||